00767nam a2200205 a 4500001001000000003000900010005001700019008004100036040002500077049000900102082001600111100002400127245009100151260009900242300002700341700004800368942001400416952011400430999001700544000032069DO-SdBNP20250120084525.0110712s19uu dr a 000 0 spa d aDO-SdBNPbspacBNPHU aBNPD axxxxbS487v1 aSerra, Nidia92911613aLa paz vista por los niños /cNidia Serra ; presentación Máximo Avilés Blonda. a[Santo Domingo :bComisión Organizadora Permanente de la Feria Nacional del Libro.,c19--?]. a30 p. :bil. ;c26 cm.12aAvilés Blonda, Máximo,d1931-198897914 2ddccLBS1 0010718PDaPDbPDcCTd2011-07-12iLF1l0oxxxx S487vp32069-10r2020-06-25w2020-06-25yLFPDZNo se presta c31560d31560